अन्तराष्ट्रीय संगठन / (Record no. 112027)
[ view plain ]
| 000 -LEADER | |
|---|---|
| fixed length control field | 01214nam a22002657a 4500 |
| 005 - DATE AND TIME OF LATEST TRANSACTION | |
| control field | 20170124102932.0 |
| 010 ## - LIBRARY OF CONGRESS CONTROL NUMBER | |
| LC control number | B-004305 |
| 020 ## - INTERNATIONAL STANDARD BOOK NUMBER | |
| Terms of availability | 00.00 |
| International Standard Book Number | 8174871683 |
| 035 ## - SYSTEM CONTROL NUMBER | |
| System control number | B-004305 |
| 037 ## - SOURCE OF ACQUISITION | |
| Source of stock number/acquisition | Cen Lib/Ret |
| 040 ## - CATALOGING SOURCE | |
| Original cataloging agency | DPL |
| Language of cataloging | HN |
| 082 ## - DEWEY DECIMAL CLASSIFICATION NUMBER | |
| Classification number | 341.2 |
| Item number | गैरोला |
| 100 ## - MAIN ENTRY--PERSONAL NAME | |
| Personal name | गैरोला, रामानन्द |
| 9 (RLIN) | 45541 |
| 245 ## - TITLE STATEMENT | |
| Title | अन्तराष्ट्रीय संगठन / |
| Statement of responsibility, etc | रामानन्द गैरोला |
| 246 ## - VARYING FORM OF TITLE | |
| Title proper/short title | Anatarrashtriye sangathan / |
| Remainder of title | by Ramanand Gairola |
| 260 ## - PUBLICATION, DISTRIBUTION, ETC. (IMPRINT) | |
| Name of publisher, distributor, etc | राधा पब्लिकेशन्स |
| Place of publication, distribution, etc | नई दिल्ली |
| Date of publication, distribution, etc | 1999 |
| 270 ## - ADDRESS | |
| Address | 4378/4B, अंसारी रोड, दरियागंज |
| City | नई दिल्ली |
| Postal code | 110002 |
| 300 ## - PHYSICAL DESCRIPTION | |
| Extent | x,346पृ. |
| Dimensions | 21सेमी (सजिल्द) |
| 500 ## - GENERAL NOTE | |
| General note | संदर्भ शामिल |
| 650 ## - SUBJECT ADDED ENTRY--TOPICAL TERM | |
| Topical term or geographic name as entry element | अन्तराष्ट्रीय संगठन -- विकास |
| 9 (RLIN) | 45542 |
| 650 ## - SUBJECT ADDED ENTRY--TOPICAL TERM | |
| Topical term or geographic name as entry element | संयुक्त राष्ट्रसंघ |
| 9 (RLIN) | 45543 |
| 650 ## - SUBJECT ADDED ENTRY--TOPICAL TERM | |
| Topical term or geographic name as entry element | International organizations - development |
| 9 (RLIN) | 45544 |
| 650 ## - SUBJECT ADDED ENTRY--TOPICAL TERM | |
| Topical term or geographic name as entry element | United Nations Organisation |
| 9 (RLIN) | 6216 |
| 942 ## - ADDED ENTRY ELEMENTS (KOHA) | |
| Source of classification or shelving scheme | Dewey Decimal Classification |
| Koha item type | Hindi Books |
| Classification part | 341.2 |
| Call number suffix | गैरोला |
| Withdrawn status | Lost status | Damaged status | Not for loan | Home library | Current library | Date acquired | Source of acquisition | Cost, normal purchase price | Total Checkouts | Full call number | Barcode | Date last seen | Date checked out | Copy number | Cost, replacement price | Price effective from | Koha item type | Public note |
|---|---|---|---|---|---|---|---|---|---|---|---|---|---|---|---|---|---|---|
| Written off | Central Library | Central Library | 06/08/2015 | Cen Lib/Ret | 0.00 | 3 | 341.2 गैरोला | B-004305 | 08/07/2017 | 17/06/2017 | 1 | 0.00 | 06/08/2015 | Hindi Books | W/d List no-9004/11 |
